000 00679nam a2200217 i 4500
001 188488
003 ES-MaACL
005 20251019063058.0
008 181211s1965 sp |||| | cat d
100 1 _aDostoievski, Fiódor,
_d1821-1881
_9242371
245 1 0 _aCrim i càstig /
_cFiodor Dostievski ; traducció del rus per Andreu Nin.
250 _a2ª ed.
260 _aBarcelona :
_bProa,
_c1965.
300 _a2 v. ;
_c17 cm.
490 1 _aBiblioteca a tot vent ;
_v108
700 1 _aNin, Andreu.
_985748
830 1 _aBiblioteca a tot vent ;
_v108
_9225704
852 _aES-MaACL
_jC-24754-55
852 _aES-MaACL
_jC-24740-41
999 _c188488
_d188488